Στον Κήπο του Επίκουρου / Αφήνοντας Πίσω τον Τρόμο του Θανάτου (Record no. 3254)
[ view plain ]
| 000 -LEADER | |
|---|---|
| fixed length control field | 01378cam a22001934a 4500 |
| 005 - ΗΜΕΡΟΜΗΝΙΑ ΚΑΙ ΩΡΑ ΤΕΛΕΥΤΑΙΑΣ ΕΝΗΜΕΡΩΣΗΣ | |
| Πεδίο ελέγχου | 20260120114424.0 |
| 008 - FIXED-LENGTH DATA ELEMENTS--GENERAL INFORMATION | |
| Πεδίο ελέγχου σταθερού μήκους | 250528s ||||||||||||||||||||||||d |
| 035 ## - SYSTEM CONTROL NUMBER | |
| System control number | 17854 |
| 020 ## - ISBN | |
| ISBN | 9789603257608 |
| 040 ## - ΠΗΓΗ ΚΑΤΑΛΟΓΟΓΡΑΦΗΣΗΣ | |
| Φορέας πρωτότυπης καταλογογράφησης | MC Athens Campus Library |
| Γλώσσα καταλογογράφησης | Ελληνικά, Μοντέρνα (1453-) |
| Modifying agency | MC Athens Campus Library |
| Κανόνες περιγραφικής καταλογογράφησης | AACR2 |
| 245 1# - ΤΙΤΛΟΣ ΚΑΙ ΔΗΛΩΣΗ ΥΠΕΥΘΥΝΟΤΗΤΑΣ | |
| Τίτλος | Στον Κήπο του Επίκουρου / Αφήνοντας Πίσω τον Τρόμο του Θανάτου |
| 260 ## - PUBLICATION, DISTRIBUTION, ETC. | |
| Name of publisher, distributor, etc. | Άγρα, |
| Date of publication, distribution, etc. | 2008 |
| 300 ## - PHYSICAL DESCRIPTION | |
| Extent | 304 |
| 520 ## - SUMMARY, ETC. | |
| Summary, etc. | Το παρόν βιβλίο συμπυκνώνει το έργο και την προσωπική εμπειρία μιας ολόκληρης ζωής σε μια βαθύτατα ενθαρρυντική προσέγγιση στο οικουμενικό ζήτημα της θνητότητας. Πρόλογος και Ευχαριστίες, Η Θανάσιμη Πληγή, Πώς Αναγνωρίζουμε το Άγχος Θανάτου, Η Αφυπνιστική Εμπειρία, Η Δύναμη των Ιδεών, Πώς Μπορούμε να Ξεπεράσουμε τον Τρόμο του Θανάτου Μέσα από τον Ανθρώπινο Σύνδεσμο, Η Επίγνωση του Θανάτου: Μια Αυτοβιογραφία, Πώς να χειριστείτε το Άγχος Θανάτου, Επίλογος. |
| 700 1# - ΠΡΟΣΘΕΤΗ ΑΝΑΓΡΑΦΗ--ΦΥΣΙΚΟ ΠΡΟΣΩΠΟ | |
| Personal name | Yalom, Irvin D. |
| 9 (RLIN) | 4139 |
| 942 ## - ADDED ENTRY ELEMENTS (KOHA) | |
| Koha item type | Books |
| Τύπος τεκμηρίου | Βιβλιοθήκη | Τρέχουσα τοποθεσία | Barcode | Αριθμός εισαγωγής | Ημερομηνία απόκτησης | Ταξιθετικό σύμβολο | Αριθμός αντιτύπου | Κατάσταση απόσυρσης | Κατάσταση χαμένου | Κατάσταση κατεστραμμένου | Μη δανεισμός | Σύνολο δανεισμών | Ημερομηνία τελευταίας εμφάνισης | Η τιμή ισχύει από |
|---|---|---|---|---|---|---|---|---|---|---|---|---|---|---|
| Books | MC Athens Campus Library | MC Athens Campus Library | 9780000032539 | 7320 | 05/06/2025 | 155.937 YAL | 1 | 05/06/2025 | 05/06/2025 |